Statistics for FIFA 16 Ultimate Team BPL

Click here to take the quiz!

General Stats

  • This quiz has been taken 568 times
  • The average score is 46 of 83

Answer Stats

PosTeamAnswerRating% Correct
LMChelseaEden Hazard89
98%
STManchester CitySergio Agüero87
96%
CAMManchester CityDavid Silva88
95%
CAMArsenalMesut Özil87
95%
LWArsenalAlexis Sánchez86
93%
STManchester UnitedWayne Rooney86
91%
CAMManchester CityKevin De Bruyne86
89%
CBManchester CityVincent Kompany85
87%
CMChelseaCesc Fàbregas87
86%
STChelseaDiego Costa86
86%
CBChelseaJohn Terry85
81%
CMManchester CityYaya Touré85
79%
CDMChelseaNemanja Matić84
76%
STLiverpoolDaniel Sturridge83
74%
RMManchester UnitedJuan Mata84
74%
CAMArsenalSanti Cazorla85
74%
CAMLiverpoolCoutinho84
73%
CAMTottenham HotspurChristian Eriksen83
72%
CBManchester CityNicolás Otamendi84
72%
CAMChelseaOscar84
72%
LBEvertonLeighton Baines83
70%
CBChelseaGary Cahill83
69%
LMManchester CityRaheem Sterling82
69%
CBArsenalLaurent Koscielny83
66%
CBArsenalPer Mertesacker83
65%
STArsenalOlivier Giroud82
64%
RMChelseaWillian82
64%
CMManchester UnitedBastian Schweinsteiger86
63%
LWChelseaPedro83
63%
LMManchester CitySamir Nasri83
62%
CMArsenalAaron Ramsey82
61%
CAMLiverpoolRoberto Firmino82
61%
CAMWest Ham UnitedDimitri Payet81
58%
STEvertonRomelu Lukaku80
58%
STLiverpoolChristian Benteke82
57%
RBManchester CityPablo Zabaleta82
56%
CBTottenham HotspurJan Vertonghen82
55%
LWManchester UnitedMemphis Depay81
55%
STChelseaRadamel Falcao83
55%
RMArsenalTheo Walcott81
55%
RBLiverpoolNathaniel Clyne81
54%
LBChelseaCésar Azpilicueta82
53%
RMManchester CityJesús Navas81
53%
STChelseaLoïc Rémy81
53%
CMArsenalJack Wilshere81
49%
CDMManchester UnitedMorgan Schneiderlin82
49%
STManchester CityWilfried Bony81
49%
RBManchester UnitedMatteo Darmian81
47%
CBManchester UnitedPhil Jones80
47%
RBEvertonSéamus Coleman81
47%
CBLiverpoolMartin Škrtel81
46%
CBEvertonPhil Jagielka81
46%
RBChelseaBranislav Ivanović80
45%
CBLiverpoolMamadou Sakho81
45%
CMManchester UnitedMichael Carrick80
44%
RMStoke CityXherdan Shaqiri80
44%
CMManchester UnitedAnder Herrera81
43%
CAMStoke CityBojan Krkić81
43%
CBManchester CityEliaquim Mangala80
43%
LBArsenalKieran Gibbs80
42%
LBArsenalNacho Monreal80
42%
CBTottenham HotspurToby Alderweireld81
42%
CBSouthamptonJosé Fonte81
41%
CBManchester UnitedMarcos Rojo81
41%
STWest Bromwich AlbionSalomón Rondón80
41%
CAMLiverpoolAdam Lallana80
40%
CMManchester CityFernandinho80
40%
LBManchester CityGaël Clichy80
40%
CDMChelseaRamires80
39%
CMLiverpoolJames Milner80
37%
CBSwansea CityAshley Williams80
36%
LMManchester UnitedAshley Young80
36%
LMEvertonKevin Mirallas80
35%
RBArsenalMathieu Debuchy80
35%
CDMManchester UnitedDaley Blind80
33%
CMArsenalMikel Arteta81
33%
CMTottenham HotspurMoussa Dembélé80
33%
CDMLeicester CityGökhan Inler80
32%
CBManchester CityMartín Demichelis81
32%
CAMNewcastle UnitedGeorginio Wijnaldum80
31%
CBStoke CityRyan Shawcross80
30%
CDMEvertonJames McCarthy80
25%
CAMArsenalTomáš Rosický80
24%

Score Distribution

Percentile by Number Answered

Percent of People with Each Score

Your Score History

You have not taken this quiz